000 00889cab a22001935a 4500
001 L154461
008 131211e2011 xxk 000 0 eng d
035 _a(Sirsi) u154461
041 0 _aeng
100 1 _aLjubic, Philip
245 0 4 _aThe only way is down for capital values
260 _c2011
490 0 _aProperty Week
_v77(47) 25 November 2011, 36(1)
520 _aExamines the possible trends in commercial property values over the next 12 to 24 months and considers what current property derivative and REIT pricing implies for future property values. Concludes that capital values will decline in the range of 0% to 5% in 2012 skewed to the lower end of this range. Graph of IPD capital growth by sector (three-month rolling).
590 _aKA
651 4 _aUnited Kingdom
_y
690 _aPROPERTY-COMMERCIAL PROPERTY-COMMERCIAL PROPERTY FINANCE AND INVESTMENT
942 _n0
999 _c83629
_d83629